[Event "SLO-chT1 East"]
[Site "Sentjur"]
[Date "2013.10.19"]
[Round "3"]
[White "Gorsek, Milan"]
[Black "Spelec, Darko"]
[Result "0-1"]
[WhiteElo "1995"]
[BlackElo "2027"]
[PlyCount "85"]
[EventDate "2013.10.17"]
[EventType "team-tourn"]
[EventRounds "9"]
[EventCountry "SLO"]
[SourceTitle "EXT 2015"]
[Source "ChessBase"]
[SourceDate "2014.11.20"]
[SourceVersion "1"]
[SourceVersionDate "2014.11.20"]
[SourceQuality "1"]

1. e4 e6 2. d3 d5 3. Nd2 c5 4. Ngf3 Nc6 5. g3 g6 6. Bg2 Bg7 7. 0-0 Nge7 8. Re1 0-0 9. e5 b5 10. Nf1 a5 11. h4 a4 12. N1h2 b4 13. a3 Ra6 14. Ng4 Nf5 15. Bg5 Qc7 16. Nf6+ Kh8 17. c3 bxc3 18. bxc3 Qa5 19. g4 Nfe7 20. Qc1 Ng8 21. Nxg8 Kxg8 22. Bf6 Rb6 23. Qf4 Rb3 24. h5 Bxf6 25. exf6 Qd8 26. Rec1 d4 27. cxd4 Nxd4 28. Nxd4 Qxd4 29. Qxd4 cxd4 30. Rc4 Rxd3 31. Rxa4 e5 32. hxg6 hxg6 33. g5 Rc3 34. Re1 d3 35. Rxe5 d2 36. Bf3 Rxf3 37. Rd5 Rf5 38. Rxd2 Rxg5+ 39. Kh2 Rf5 40. Rh4 Rxf6 41. f4 Ra6 42. Kg1 Rxa3 43. Rdh2 0-1

[Event "SLO-chT1 West"]
[Site "Sentjur"]
[Date "2009.10.23"]
[Round "2"]
[White "Plahuta, Darko"]
[Black "Gorsek, Milan"]
[Result "0-1"]
[WhiteElo "2090"]
[BlackElo "2036"]
[PlyCount "118"]
[EventDate "2009.10.22"]
[EventType "team-tourn"]
[EventRounds "9"]
[EventCountry "SLO"]
[SourceTitle "EXT 2010"]
[Source "ChessBase"]
[SourceDate "2010.11.25"]
[SourceVersion "1"]
[SourceVersionDate "2010.11.25"]
[SourceQuality "1"]

1. d4 Nf6 2. c4 g6 3. Nc3 Bg7 4. e4 d6 5. f3 0-0 6. Be3 Re8 7. Qd2 Nc6 8. Nge2 e5 9. d5 Na5 10. b3 b6 11. g4 Nb7 12. Ng3 a5 13. Bg5 Bd7 14. h4 Qc8 15. Bxf6 Bxf6 16. g5 Be7 17. h5 Kg7 18. Rg1 Qd8 19. Nh1 Nc5 20. Nf2 gxh5 21. Bh3 Kh8 22. Bf5 Rg8 23. Nh3 Qc8 24. Qc2 Qd8 25. Qd2 Qc8 26. Qc2 Qd8 27. Qd2 Qc8 28. Qc2 h6 29. gxh6 Rxg1+ 30. Nxg1 Bg5 31. Nh3 Bxh6 32. Ke2 Qd8 33. Rh1 h4 34. Nd1 f6 35. Ndf2 Qe7 36. Ng4 Bg5 37. Ne3 Rg8 38. Nf2 Qg7 39. Nfg4 Qf7 40. Qb1 Qh5 41. Bxd7 Nxd7 42. Nf5 Nf8 43. Qe1 Ng6 44. Kd3 Rf8 45. Kc3 Rf7 46. Qf1 Nf4 47. Qf2 Rh7 48. a3 h3 49. b4 axb4+ 50. axb4 Qe8 51. Kb3 Nd3 52. Qc2 Nc1+ 53. Kb2 Qa8 54. Nge3 Qa2+ 55. Kxc1 Qa1+ 56. Kd2 Bxe3+ 57. Kxe3 Qxh1 58. Qa4 Qg1+ 59. Kd3 h2 0-1

[Event "SLO-chT1 East"]
[Site "Celje"]
[Date "2007.11.21"]
[Round "8"]
[White "Cetina, Klemen"]
[Black "Gorsek, Milan"]
[Result "0-1"]
[WhiteElo "2194"]
[BlackElo "2026"]
[PlyCount "68"]
[EventDate "2007.11.11"]
[EventType "team-tourn"]
[EventRounds "9"]
[EventCountry "SLO"]
[SourceTitle "EXT 2010"]
[Source "ChessBase"]
[SourceDate "2010.11.25"]
[SourceVersion "1"]
[SourceVersionDate "2010.11.25"]
[SourceQuality "1"]

1. e4 g6 2. d4 Bg7 3. Nc3 d6 4. Be3 Nf6 5. f3 0-0 6. Qd2 Re8 7. 0-0-0 Nc6 8. g4 e5 9. d5 Nd4 10. Be2 c6 11. h4 h5 12. g5 Nd7 13. Bc4 Qa5 14. dxc6 bxc6 15. Nce2 Qxd2+ 16. Rxd2 Nb6 17. Bb3 c5 18. c3 Nxb3+ 19. axb3 Bf8 20. Nh3 Be6 21. c4 a5 22. Nf2 a4 23. bxa4 Nxc4 24. Rd3 Rxa4 25. Nc3 Ra1+ 26. Kc2 Rea8 27. Bc1 Na5 28. Nd5 Nc6 29. Bd2 Rxh1 30. Nxh1 Ra1 31. Nf6+ Kh8 32. Ng3 Nd4+ 33. Kc3 Rg1 34. f4 Rxg3 0-1

[Event "SLO-chT2E"]
[Site "Velenje"]
[Date "2004.11.21"]
[Round "8"]
[White "Mrakic, Tone"]
[Black "Gorsek, Milan"]
[Result "0-1"]
[WhiteElo "1872"]
[BlackElo "2034"]
[PlyCount "74"]
[EventDate "2004.11.01"]
[EventType "team"]
[EventRounds "9"]
[EventCountry "SLO"]
[SourceTitle "EXT 2008"]
[Source "ChessBase"]
[SourceDate "2007.11.25"]
[SourceVersion "1"]
[SourceVersionDate "2007.11.25"]
[SourceQuality "1"]

1. d4 g6 2. e4 Bg7 3. Be2 d6 4. f4 c5 5. d5 f5 6. exf5 Bxf5 7. Nf3 Nh6 8. 0-0 0-0 9. Bd3 Bg4 10. h3 Bxf3 11. Rxf3 Qb6 12. Bc4 Bxb2 13. Bxb2 Qxb2 14. Nc3 Qb6 15. g4 Nd7 16. Qe2 Qd8 17. Re1 Rf7 18. Ne4 Nf8 19. Ng5 Rg7 20. Re3 b5 21. Bxb5 Rb8 22. a4 Rb7 23. Bc6 Rc7 24. Rb1 Nf7 25. Nf3 g5 26. f5 Nh6 27. f6 exf6 28. Re8 Rge7 29. Qb5 Rxe8 30. Bxe8 Re7 31. Bc6 Re3 32. Nd2 Qe7 33. Qf1 Qe5 34. Qf2 Rg3+ 35. Kf1 Rxh3 36. Kg1 Nxg4 37. Nf3 Qf4 0-1

[Event "SLO-chT2"]
[Site "Slovenia"]
[Date "2003.06.04"]
[Round "4"]
[White "Kozamernik, Janez"]
[Black "Gorsek, Milan"]
[Result "1-0"]
[WhiteElo "2199"]
[BlackElo "2032"]
[PlyCount "43"]
[EventDate "2003.05.02"]
[EventType "team"]
[EventRounds "9"]
[EventCountry "SLO"]
[SourceTitle "EXT 2005"]
[Source "ChessBase"]
[SourceDate "2004.11.15"]
[SourceVersion "1"]
[SourceVersionDate "2004.11.15"]
[SourceQuality "1"]

1. e4 e6 2. d4 g6 3. Nc3 Bg7 4. Be3 a6 5. Qd2 b5 6. g3 Bb7 7. Bg2 Nf6 8. Bh6 0-0 9. Nge2 Nc6 10. h4 e5 11. d5 b4 12. Nd1 Bxh6 13. Qxh6 Nd4 14. Nxd4 exd4 15. 0-0 c5 16. dxc6 Bxc6 17. f3 Re8 18. Re1 Nh5 19. g4 Qxh4 20. Nf2 Re5 21. f4 Qg3 22. gxh5 1-0

[Event "SLO-chT2"]
[Site "Slovenia"]
[Date "2003.05.02"]
[Round "2"]
[White "Markun, Bostjan"]
[Black "Gorsek, Milan"]
[Result "1-0"]
[WhiteElo "2266"]
[BlackElo "2032"]
[PlyCount "65"]
[EventDate "2003.05.02"]
[EventType "team"]
[EventRounds "9"]
[EventCountry "SLO"]
[SourceTitle "EXT 2005"]
[Source "ChessBase"]
[SourceDate "2004.11.15"]
[SourceVersion "1"]
[SourceVersionDate "2004.11.15"]
[SourceQuality "1"]

1. e4 d6 2. d4 g6 3. Nc3 Bg7 4. Bc4 Nf6 5. Qe2 Nc6 6. Nf3 Bg4 7. Be3 e5 8. dxe5 dxe5 9. Bb5 0-0 10. Bxc6 bxc6 11. h3 Bxf3 12. Qxf3 Qb8 13. Rb1 Qb4 14. 0-0 Ne8 15. Bd2 Nd6 16. a3 Qc4 17. Rbd1 a5 18. b3 Qc5 19. Qe3 Qxa3 20. Ra1 Qb4 21. Rfe1 Nb7 22. Ra4 Qe7 23. Rc4 Ra6 24. Ra1 Rd8 25. Rca4 Bf8 26. Ne2 Qd7 27. Bc3 Bc5 28. Qg5 Bd6 29. Bxe5 Bxe5 30. Qxe5 Qd2 31. Nd4 c5 32. Nb5 c6 33. Nc7 1-0